|
|
|
|
| LEADER |
01293ppm a22002778a 4500 |
| 001 |
00029851 |
| 005 |
20171026081022.0 |
| 008 |
121123s2009 ||||||viesd |
| 041 |
0 |
# |
|a vie
|
| 082 |
1 |
4 |
|b B305PH
|a 373.246
|
| 100 |
1 |
# |
|a Trần, Thị Phương Dung
|
| 245 |
0 |
0 |
|a Biện pháp giáo dục hướng nghiệp cho học sinh các trường trung học phổ thông thành phố Cao Lãnh tỉnh đồng Tháp
|b Luận văn thạc sĩ Khoa học giáo dục. Chuyên ngành: Giáo dục học (LL&LS Giáo dục học). Mã số: 60 14 01
|c Trần Thị Phương Dung; Ngô Hiệu (hướng dẫn)
|
| 260 |
# |
# |
|a Hà Nội
|b Đại học SP Hà Nội
|c 2009
|
| 300 |
# |
# |
|a 132 tr.
|c 30cm.
|
| 500 |
# |
# |
|a ĐTTTS ghi: Bộ giáo dục và đào tạo. Trường Đại học SP Hà Nội
|
| 653 |
# |
# |
|a Giáo dục hướng nghiệp
|
| 653 |
# |
# |
|a Trường trung học phổ thông
|
| 653 |
# |
# |
|a Thành phố Cao Lãnh
|
| 653 |
# |
# |
|a Luận văn
|
| 700 |
1 |
# |
|a Ngô, Hiệu
|e Hướng dẫn
|
| 852 |
# |
# |
|b Kho đọc SĐH
|j LV.0000009
|
| 852 |
# |
# |
|j LV.0000009
|
| 910 |
|
|
|d 23/11/2012
|
| 980 |
# |
# |
|a Trung tâm Học liệu Lê Vũ Hùng, Trường Đại học Đồng Tháp
|